The climate bonus : (Record no. 48628)
[ view plain ]
| 000 -LEADER | |
|---|---|
| fixed length control field | 00652nam a2200205Ia 4500 |
| 008 - FIXED-LENGTH DATA ELEMENTS--GENERAL INFORMATION | |
| fixed length control field | 140321s9999 xx 000 0 und d |
| 020 ## - INTERNATIONAL STANDARD BOOK NUMBER | |
| International Standard Book Number | 9781849713412 |
| 050 ## - LIBRARY OF CONGRESS CALL NUMBER | |
| Classification number | QC 903 |
| Item number | .Sm587 2013 |
| 100 ## - MAIN ENTRY--PERSONAL NAME | |
| Personal name | Smith, Alison |
| 245 #4 - TITLE STATEMENT | |
| Title | The climate bonus : |
| Remainder of title | co-benefits of climate policy / |
| Statement of responsibility, etc | Alison Smith. |
| 260 ## - PUBLICATION, DISTRIBUTION, ETC. (IMPRINT) | |
| Place of publication, distribution, etc | New York : |
| Name of publisher, distributor, etc | Routledge/Earthscan, |
| Date of publication, distribution, etc | c2013. |
| 300 ## - PHYSICAL DESCRIPTION | |
| Extent | 408 p. : |
| Other physical details | ill. ; |
| Dimensions | 24 cm. |
| 500 ## - GENERAL NOTE | |
| General note | Includes bibliographical references and index. |
| 521 ## - TARGET AUDIENCE NOTE | |
| Target audience note | |
| 650 ## - SUBJECT ADDED ENTRY--TOPICAL TERM | |
| Topical term or geographic name as entry element | Climate change mitigation. |
| 650 ## - SUBJECT ADDED ENTRY--TOPICAL TERM | |
| Topical term or geographic name as entry element | Restoration ecology |
| General subdivision | Economic aspects. |
| 650 ## - SUBJECT ADDED ENTRY--TOPICAL TERM | |
| Topical term or geographic name as entry element | Restoration ecology. |
| 942 ## - ADDED ENTRY ELEMENTS (KOHA) | |
| Call number prefix | Foreign |
| Koha item type | Books |
| Withdrawn status | Lost status | Damaged status | Home library | Current library | Shelving location | Date acquired | Total Checkouts | Full call number | Barcode | Date last seen | Date checked out | Price effective from | Koha item type |
|---|---|---|---|---|---|---|---|---|---|---|---|---|---|
| College Library | College Library | Reserve Section | 03/21/2014 | 2 | QC 903 .Sm587 2013 | C17911 | 05/15/2018 | 09/09/2015 | 03/21/2014 | Books |